| 000 | 00403nam a2200157 a 4500 | ||
|---|---|---|---|
| 001 | 14162 | ||
| 003 | CO-ViMGA | ||
| 008 | 141112s2004 ck r 000 u spa d | ||
| 040 |
_aCO-ViMGA _bspa _cCO-ViMGA |
||
| 082 | _a980 A537 | ||
| 245 | 1 | 0 |
_aAmérica latina : _bhacia la integracion |
| 260 |
_aCaracas : _bArte, _c1980 |
||
| 300 | _a291 | ||
| 650 | 1 | 4 |
_aAmérica LATINA - HISTORIA _96380 |
| 942 |
_2ddc _cBK |
||
| 999 |
_c11476 _d11476 |
||